<?xml version="1.0" encoding="UTF-8"?>
<record
    xmlns:xsi="http://www.w3.org/2001/XMLSchema-instance"
    xsi:schemaLocation="http://www.loc.gov/MARC21/slim http://www.loc.gov/standards/marcxml/schema/MARC21slim.xsd"
    xmlns="http://www.loc.gov/MARC21/slim">

  <leader>00599nam a22001817a 4500</leader>
  <controlfield tag="003">OSt</controlfield>
  <controlfield tag="005">20160603155757.0</controlfield>
  <controlfield tag="008">131001t        xxu||||| |||| 00| 0 eng d</controlfield>
  <datafield tag="020" ind1=" " ind2=" ">
    <subfield code="a">0-87120-156-9  </subfield>
  </datafield>
  <datafield tag="050" ind1=" " ind2=" ">
    <subfield code="a">LB 2804</subfield>
    <subfield code="b">.T737 1989</subfield>
  </datafield>
  <datafield tag="082" ind1=" " ind2=" ">
    <subfield code="a">GLT 375.001 </subfield>
    <subfield code="b">T65 1989</subfield>
  </datafield>
  <datafield tag="245" ind1=" " ind2=" ">
    <subfield code="a">Toward the thinking curriculum: current cognitive research /</subfield>
  </datafield>
  <datafield tag="260" ind1=" " ind2=" ">
    <subfield code="a">Alexandria, Va : </subfield>
    <subfield code="b">Association for Supervision and Curriculum Development, </subfield>
    <subfield code="c">1989.  </subfield>
  </datafield>
  <datafield tag="300" ind1=" " ind2=" ">
    <subfield code="a">221 p. :</subfield>
    <subfield code="c">24 cm.</subfield>
  </datafield>
  <datafield tag="650" ind1=" " ind2=" ">
    <subfield code="a">Curriculums</subfield>
    <subfield code="x">Planning, design,construction</subfield>
    <subfield code="x">United States. </subfield>
    <subfield code="9">22440</subfield>
  </datafield>
  <datafield tag="942" ind1=" " ind2=" ">
    <subfield code="2">lcc</subfield>
    <subfield code="c">BK</subfield>
  </datafield>
  <datafield tag="999" ind1=" " ind2=" ">
    <subfield code="c">12522</subfield>
    <subfield code="d">12522</subfield>
  </datafield>
  <datafield tag="952" ind1=" " ind2=" ">
    <subfield code="0">0</subfield>
    <subfield code="1">0</subfield>
    <subfield code="2">lcc</subfield>
    <subfield code="4">0</subfield>
    <subfield code="a">LUX</subfield>
    <subfield code="b">LUX</subfield>
    <subfield code="c">GLT</subfield>
    <subfield code="d">2013-10-01</subfield>
    <subfield code="e">DONATION</subfield>
    <subfield code="l">0</subfield>
    <subfield code="o">LB 2804 .T737 1989</subfield>
    <subfield code="p">0972</subfield>
    <subfield code="r">2017-01-24 00:00:00</subfield>
    <subfield code="t">1</subfield>
    <subfield code="w">2013-10-01</subfield>
    <subfield code="y">BK</subfield>
  </datafield>
</record>
